Catálogo

LOS MEDIOS DE COMUNICACION SOCIAL (Registro nro. 2398)

Detalles MARC
000 -LEADER
fixed length control field 00414nam a2200157 a 4500
001 - CONTROL NUMBER
control field 2398
005 - DATE AND TIME OF LATEST TRANSACTION
control field 20180713182401.0
008 - FIXED-LENGTH DATA ELEMENTS--GENERAL INFORMATION
fixed length control field 140415s1969 000 0 spa d
041 ## - LANGUAGE CODE
Language code of text/sound track or separate title spa
082 ## - DEWEY DECIMAL CLASSIFICATION NUMBER
Classification number 302.2
Item number MED
245 04 - TITLE STATEMENT
Title LOS MEDIOS DE COMUNICACION SOCIAL
260 ## - PUBLICATION, DISTRIBUTION, ETC.
Place of publication, distribution, etc. [s.l.] :
Name of publisher, distributor, etc. ED. ROBLE,
Date of publication, distribution, etc. 1969
300 ## - PHYSICAL DESCRIPTION
Extent 382
650 14 - SUBJECT ADDED ENTRY--TOPICAL TERM
Topical term or geographic name entry element COMUNICACION
700 1# - ADDED ENTRY--PERSONAL NAME
Personal name TREJO DE HERNANDEZ, LUZ MARIA
Relator term tr.
Existencias
Withdrawn status Lost status Source of classification or shelving scheme Damaged status Not for loan Collection code Home library Current library Shelving location Date acquired Source of acquisition Inventory number Total Checkouts Full call number Barcode Date last seen Date last checked out Price effective from Koha item type
    Dewey Decimal Classification     General Biblioteca Karol Wojtyla Biblioteca Karol Wojtyla Sala general 03/12/2013 Compra 151000000000000000057779   302.2 MED 13180 05/01/2026 31/10/2016 03/12/2013 Libro